On This Day: July 7th Quiz Stats

 Plays Quiz Updated Jul 7, 2017

Support Sporcle.
Go Orange.
Score 0/7 Timer 03:00
0 Plays Today
Question Answer Wrong Answers
English singer-songwriter and drummer Richard Starkey, known by this stage name, is born.
1940
Ringo Starr
93.1%
Pete Best
1.9%
Ginger Baker
1.1%
John Bonham
1.7%
An alien spaceship (supposedly) crashes near this town in New Mexico.
1947
Roswell
87.3%
Santa Fe
3.7%
Taos
1.2%
Albuquerque
5%
This is sold for the first time in Chillicothe, Missouri, leading to a popular phrase today.
1928
Sliced Bread
82.5%
Vacuum Cleaner
4.5%
Cornflakes
6.8%
Frozen Food
4.9%
This man makes his radio debut when WHBQ Memphis plays his first recording for Sun Records, ‘That's All Right’.
1954
Elvis Presley
72.9%
Little Richard
4.2%
Chuck Berry
8.6%
Buddy Holly
10.9%
US President Ronald Reagan nominates this woman to become the first female member of the Supreme Court of the United States.
1981
Sandra Day O'Connor
72.6%
Sonia Sotomayor
3.7%
Ruth Bader Ginsburg
17.1%
Elena Kagan
2.8%
American troops capture the city of Monterey, beginning the conquest of ______.
1846
California
53%
Texas
20.2%
Nuevo León
9.1%
New Mexico
17.6%
The first of these benefit concerts is held in 11 locations around the world.
2007
Live Earth
17.8%
Live Aid
55.7%
Live 8
12.8%
Band Aid
9.5%

You're not logged in!

Compare scores with friends on all Sporcle quizzes.
OR
Log In
Forgot?

From the Vault

Planets by Image

by Chenchilla

Good thing these images are in color.
Remove Ads.
Support Sporcle.
Get the best of Sporcle when you Go Orange. This ad-free experience offers more features, more stats, and more fun while also helping to support Sporcle. Thank you for becoming a member.

Show Comments

Extras

Top Quizzes Today


Score Distribution

Your Account Isn't Verified!

In order to create a playlist on Sporcle, you need to verify the email address you used during registration. Go to your Sporcle Settings to finish the process.

Report this User

Report this user for behavior that violates our Community Guidelines.

Details: